Statistics for MidAmerica St. Louis Airport Destinations (Belleville, IL, USA)

Click here to take the quiz!

General Stats

  • This quiz has been taken 4 times
  • The average score is 7 of 11

Answer Stats

AirlineDestination% Correct
Allegiant AirOrlando/Sanford
100%
Allegiant AirFort Lauderdale
75%
Allegiant AirLas Vegas
75%
Allegiant AirMyrtle Beach
75%
Allegiant AirSarasota
75%
Allegiant AirSavannah
75%
Allegiant AirDestin/Fort Walton Beach
50%
Allegiant AirPunta Gorda (FL)
50%
Allegiant AirJacksonville (FL)
25%
Allegiant AirPhoenix/Mesa
25%
Allegiant AirSt. Petersburg/Clearwater
25%

Score Distribution

Percentile by Number Answered

Percent of People with Each Score

Your Score History

You have not taken this quiz